000 00481nam a2200169Ia 4500
008 210210b1982 xxu||||| |||| 00| 0 eng d
020 _a0 07 085265 0
082 _a621.38173 GRII
100 _aGRINICH (Victor H)
245 _aIntroduction to integrated circuits.
260 _aLondon.
_bMcGraw Hill International Book Co.,
_c1982
300 _axvii,638
650 _aIntegrated Circuits
690 _aMicroelectronics
700 _aJACKSON (Horace G).
906 _aSG02325
999 _c113487
_d113487